| 000 | 00580nam a2200157 i 4500 | ||
|---|---|---|---|
| 001 | 44477 | ||
| 003 | ES-MaACL | ||
| 007 | t| | ||
| 008 | 030321s1972 sp ||||1| spa d | ||
| 245 | 0 | 0 |
_aCódigo civil español _b: con legislación complementario y seguido de.. un apéndice que contiene las compilaciones del derecho civil foral o especial. |
| 250 |
_a8ª ed. corr. y rev. _bpor Francisco Vicente Bonet Bonet. |
||
| 260 |
_aMadrid : _bReus, _c1972. |
||
| 300 |
_a1185 p. ; _c14 cm. |
||
| 700 | 1 |
_aBonet Bonet, Francisco Vicente. _930125 |
|
| 852 |
_aES-MaACL _jE-8080 _bR.92505 |
||
| 999 |
_c44477 _d44477 |
||